Abstracts of secondary lines (Record no. 113196)

MARC details
000 -LEADER
fixed length control field 00638cam a22001935a 4500
001 - CONTROL NUMBER
control field L154850
008 - FIXED-LENGTH DATA ELEMENTS--GENERAL INFORMATION
fixed length control field 120124s1932 xxk f 000 0 eng d
035 ## - SYSTEM CONTROL NUMBER
System control number (Sirsi) u154850
041 0# - LANGUAGE CODE
Language code of text/sound track or separate title eng
050 04 - LIBRARY OF CONGRESS CALL NUMBER
Classification number 526.98 $2 18
100 1# - MAIN ENTRY--PERSONAL NAME
Personal name Winterbotham, H. St. J. L.
245 00 - TITLE STATEMENT
Title Abstracts of secondary lines
Remainder of title re-levelling of London, commenced January 1931
260 ## - PUBLICATION, DISTRIBUTION, ETC.
Place of publication, distribution, etc. Southampton
Name of publisher, distributor, etc. Ordnance Survey
Date of publication, distribution, etc. 1932
300 ## - PHYSICAL DESCRIPTION
Extent 51p.
Dimensions 31cm.
520 ## - SUMMARY, ETC.
Summary, etc. Contains the lines of secondary levelling carried out in connection with the re-levelling of London on the Newlyn Datum.
651 #4 - SUBJECT ADDED ENTRY--GEOGRAPHIC NAME
Geographic name London
690 ## - LOCAL SUBJECT ADDED ENTRY--TOPICAL TERM (OCLC, RLIN)
Topical term or geographic name as entry element Measurement
9 (RLIN) 6256
942 ## - ADDED ENTRY ELEMENTS (KOHA)
Suppress in OPAC 0
Holdings
Withdrawn status Lost status Source of classification or shelving scheme Damaged status Not for loan Home library Current library Shelving location Date acquired Total Checkouts Full call number Barcode Date last seen Copy number Price effective from Koha item type
    Dewey Decimal Classification     London London Basement 24/01/2012   RESERVE 30013839 06/08/2019 1 06/08/2019 Book